000 00268nam a2200121 a 4500
008 101022s1974|||| d
245 1 0 _aMartin Eden
100 1 _aLondon, Jack
044 _axo
_cSK
041 _aslo
260 _bTatran
_aBratislava
_c1974
020 _c26
999 _c12105
_d12105